| 000 | 00402 a2200169 4500 | ||
|---|---|---|---|
| 001 | 183012 | ||
| 020 | _a85-8679683-2 | ||
| 040 | _cMagnum | ||
| 100 | _aMacnamara, Heather | ||
| 240 | 1 | 0 |
_aHistórias para aquecer o coração _lpor |
| 245 | 1 | 0 | _aHistórias para aquecer o coração |
| 300 | _a190 | ||
| 362 | 0 | _a2001 | |
| 440 | 1 | _aSextante | |
| 697 | _aLITERATURA GERAL ESTRANGEIRA | ||
| 942 | _cBK | ||
| 999 |
_c183012 _d183012 |
||